UBT Library

GLOBALIZATION SOCIAL MOVEMENTS (Record no. 59597)

000 -LEADER
fixed length control field 00342nam a22001457a 4500
008 - FIXED-LENGTH DATA ELEMENTS--GENERAL INFORMATION
fixed length control field 230419b ||||| |||| 00| 0 eng d
020 ## - INTERNATIONAL STANDARD BOOK NUMBER
International Standard Book Number 9781442214200
041 ## - LANGUAGE CODE
Language code of text/sound track or separate title eng
080 ## - UNIVERSAL DECIMAL CLASSIFICATION NUMBER
Edition identifier SECOND EDITION
Universal Decimal Classification number 94
082 ## - DEWEY DECIMAL CLASSIFICATION NUMBER
Classification number 94MOG
100 ## - Rafti
Rafti 28
101 ## - Shkurtesa
Shkurtesa HISTO
245 ## - TITLE STATEMENT
Title GLOBALIZATION SOCIAL MOVEMENTS
Statement of responsibility, etc MOGHADAM.M.V
942 ## - ADDED ENTRY ELEMENTS (KOHA)
Source of classification or shelving scheme
Item type Books
Holdings
Withdrawn status Lost status Source of classification or shelving scheme Damaged status Not for loan Collection code Permanent location Current location Date acquired Total Checkouts Full call number Barcode Date last seen Price effective from Koha item type
          Koleksioni i përgjithshem UBT - Lipjan UBT - Lipjan 04/19/2023   94MOG 002-80007033 04/19/2023 04/19/2023 Books
UBT Library © 2015-2024. All rights reserved University Education for Business and Technology